Welcome to WEB OPAC of MRSPTU Central Library

A Simplified Approach to Data Structures (Record no. 6931)

MARC details
000 -LEADER
fixed length control field 00501nam a2200181Ia 4500
008 - FIXED-LENGTH DATA ELEMENTS--GENERAL INFORMATION
fixed length control field 230711s9999||||xx |||||||||||||| ||und||
020 ## - INTERNATIONAL STANDARD BOOK NUMBER
International Standard Book Number 978-93-5110-531-2
041 ## - LANGUAGE CODE
Language code of text/sound track or separate title ENG
082 ## - DEWEY DECIMAL CLASSIFICATION NUMBER
Classification number 1.642
Item number GO-D
100 ## - MAIN ENTRY--PERSONAL NAME
Personal name Goyal, Vishal
245 #2 - TITLE STATEMENT
Title A Simplified Approach to Data Structures
250 ## - EDITION STATEMENT
Edition statement 2nd Reprint Ed.
260 ## - PUBLICATION, DISTRIBUTION, ETC.
Date of publication, distribution, etc. 2018
Place of publication, distribution, etc. New Delhi
Name of publisher, distributor, etc. Shroff Publishers & Distributors Pvt. Ltd ( O'REILLY)
300 ## - PHYSICAL DESCRIPTION
Extent 533p.
650 ## - SUBJECT ADDED ENTRY--TOPICAL TERM
Topical term or geographic name entry element Computer Engineering
700 ## - ADDED ENTRY--PERSONAL NAME
Personal name Goyal, Lalit
942 ## - ADDED ENTRY ELEMENTS (KOHA)
Koha item type Book
Holdings
Withdrawn status Lost status Damaged status Not for loan Collection Home library Current library Date acquired Source of acquisition Cost, normal purchase price Inventory number Total checkouts Full call number Barcode Date last seen Price effective from Koha item type Date last checked out
          MRSPTU Central Library MRSPTU Central Library   Technical Bureau India PVT.LTD 650.00 TB46844713   1.642 GO-D 40947 08/17/2023 08/17/2023 Book  
          MRSPTU Central Library MRSPTU Central Library   Technical Bureau India PVT.LTD 650.00 TB46844713 11 1.642 GO-D 40948 12/05/2024 08/17/2023 Book 11/14/2024
          MRSPTU Central Library MRSPTU Central Library   Technical Bureau India PVT.LTD 650.00 TB46844713 14 1.642 GO-D 40949 02/13/2025 08/17/2023 Book 01/27/2025
          MRSPTU Central Library MRSPTU Central Library   Technical Bureau India PVT.LTD 650.00 TB46844713 4 1.642 GO-D 40950 03/05/2024 08/17/2023 Book 11/17/2023
          MRSPTU Central Library MRSPTU Central Library   Technical Bureau India PVT.LTD 650.00 TB46844713 9 1.642 GO-D 40951 11/22/2024 08/17/2023 Book 11/14/2024

Website Designed and Developed by MRSPTU Central Library Team

E-mail Id: librarian@mrsptu.ac.in